Tratado del automóvil : la técnica en los siglos XX-XXI /
Contenido: El automóvil; El motor; Ciclos térmicos de los motores de combustión interna; Número y disposición de los cilindros; Conceptos de cilindrada, fuerza, par, potencia, rendimiento; Componentes del motor; El engrase; La refrigeración; La alimentación en el motor de gasolina; El motor diesel;...
Збережено в:
| Автор: | |
|---|---|
| Формат: | Книга |
| Мова: | Іспанська |
| Опубліковано: |
Madrid, España :
Dossat,
2001, c2001
|
| Предмети: | |
| Теги: |
Немає тегів, Будьте першим, хто поставить тег для цього запису!
|
MARC
| LEADER | 00000nam^a2200000^a^4500 | ||
|---|---|---|---|
| 001 | 000154478 | ||
| 005 | 20250521000000.0 | ||
| 009 | 20260310100354.727 | ||
| 020 | |a 84-95312-15-8 | ||
| 037 | |a Acervo ITESO - Biblioteca | ||
| 041 | |a ESP | ||
| 082 | |a 629. 222 |b OCA | ||
| 100 | |a Ocaña Ocaña, Antonio |e (autor) | ||
| 245 | 1 | 0 | |a Tratado del automóvil : |b la técnica en los siglos XX-XXI / |c A. Ocaña Ocaña. |
| 264 | 4 | |a Madrid, España : |b Dossat, |c 2001, c2001 | |
| 300 | |a XLIV, 1209 p. | ||
| 336 | |a texto |b txt |2 rdacontenido | ||
| 337 | |a sin mediación |b n |2 rdamedio | ||
| 338 | |a volumen |b nc |2 rdasoporte | ||
| 520 | |a Contenido: El automóvil; El motor; Ciclos térmicos de los motores de combustión interna; Número y disposición de los cilindros; Conceptos de cilindrada, fuerza, par, potencia, rendimiento; Componentes del motor; El engrase; La refrigeración; La alimentación en el motor de gasolina; El motor diesel; La sobrealimentación en motores de combustión interna; El common rail, futuro del diesel; La inducción magnética de las corrientes fluidas; El encendido; La instalación eléctrica; El embrague; La caja de cambios; La dirección; Bastidor-carrocería, suspensión y propulsión; Los frenos; Ruedas. | ||
| 649 | |a XX | ||
| 650 | |a Automóviles - |x Sistemas de Combustible | ||
| 650 | |a Automóviles - |x Mecanismo de Dirección | ||
| 650 | |a Automóviles - |x Motores - |x Carburadores | ||
| 650 | |a Automóviles - |x Motores - |x Cilindros | ||
| 650 | |a Automóviles - |x Motores | ||
| 650 | |a Automóviles - |x Equipo y Aparatos | ||
| 650 | |a Automóviles - |x Mantenimiento y Reparación | ||
| 650 | |a Bombas de Alimentación de Combustible | ||
| 650 | |a Combustibles | ||
| 650 | |a Combustión | ||
| 650 | |a Motor Diesel | ||
| 650 | |a Motores de Combustión Interna | ||
| 650 | |a Motores | ||
| 650 | |a Ingeniería Automotriz | ||
| 910 | |a Fondo General | ||
| 920 | |a Impresos - Libros | ||
| 930 | |a Colección General | ||
| 905 | |a 101 | ||
| 901 | |a 0500085897 |b IT1 |c ACC |u 20250521 | ||
| 902 | |a https://opac.biblio.iteso.mx/vufind/Record/000154478 | ||